000 00770nam a2200301Ia 4500
005 20260121124641.0
008 008 260114s9999 xx 000 0 eng d
020 _a9781529236262
037 _aEBOOK
040 _aCRL
040 _beng
040 _cCRL
041 _2eng
041 _aeng
084 _qCRL
100 _aInclan, Silvia
_9979608
245 0 _aClaiming and Contesting Representation in Mexico
260 _bWalter de Gruyter
260 _bWalter de Gruyter
260 _c2024
650 _aPolitical Science
_9979609
700 _a Castanos, Fernando
_9979610
700 _a Saward, Michael
_9979611
856 _uhttp://www.degruyter.com/isbn/9781529236262
942 _cEBOOK
999 _c1556177
_d1556177